Lucky Seven Crossword III Quiz Stats

 Plays Quiz Updated Feb 13, 2018

Challenge
Share
Tweet
Score 0/64 Timer 03:00
7 Plays Today
% Correct
RECYCLE                                             
94.9%
R 
94.9%
E 
94.9%
C 
94.9%
Y 
94.9%
C 
94.9%
L 
94.9%
E 
94.9%
ELASTIC       

86.1%
E 
86.1%
L 
86.1%
A 
86.1%
S 
86.1%
T 
86.1%
I 
86.1%
C 
86.1%
TRAPEZE       


76.2%
T 
76.2%
R 
76.2%
A 
76.2%
P 
76.2%
E 
76.2%
Z 
76.2%
E 
76.2%
ECLIPSE        
71.1%
E 
71.1%
C 
71.1%
L 
71.1%
I 
71.1%
P 
71.1%
S 
71.1%
E 
71.1%
% Correct
EYEBALL                                            
70.2%
E 
70.2%
Y 
70.2%
E 
70.2%
B 
70.2%
A 
70.2%
L 
70.2%
L 
70.2%
DUBSTEP                                             
57.9%
D 
57.9%
U 
57.9%
B 
57.9%
S 
57.9%
T 
57.9%
E 
57.9%
P 
57.9%
TREADER        

53.9%
T 
53.9%
R 
53.9%
E 
53.9%
A 
53.9%
D 
53.9%
E 
53.9%
R 
53.9%
ACERBIC       
50.6%
A 
50.6%
C 
50.6%
E 
50.6%
R 
50.6%
B 
50.6%
I 
50.6%
C 
50.6%

You're not logged in!

Compare scores with friends on all Sporcle quizzes.
OR
Log In

You Might Also Like...

Show Comments

Extras

Top Quizzes Today


Score Distribution

Your Account Isn't Verified!

In order to create a playlist on Sporcle, you need to verify the email address you used during registration. Go to your Sporcle Settings to finish the process.

Report this User

Report this user for behavior that violates our Community Guidelines.

Details: